North-, south-, west- and easternmost 1M+ city by country - Statistics

General Stats
  • This quiz has been taken 46 times
  • The average score is 52 of 80
Answer Stats
Country Most: Answer % Correct
Australia North Brisbane
100%
Australia East Brisbane
100%
Australia West Perth
98%
Germany East Berlin
95%
Australia South Melbourne
95%
Germany North Hamburg
93%
Italy North Milan
93%
Germany South Munich
93%
Canada South Toronto
93%
Spain North Barcelona
90%
Spain East Barcelona
90%
Turkey North Istanbul
90%
United Kingdom East London
90%
Canada East Montreal
90%
Canada West Vancouver
90%
Germany West Cologne / Düsseldorf
88%
United Kingdom North Glasgow
88%
United Kingdom West Glasgow
88%
South Africa North Johannesburg / Pretoria
88%
France South Marseille
88%
France East Marseille
88%
Russia North Saint Petersburg
88%
Russia West Saint Petersburg
88%
Italy West Turin
88%
United States East Boston
85%
South Africa West Cape Town
85%
Pakistan South Karachi
85%
Pakistan East Lahore
85%
Italy South Naples
85%
Italy East Naples
85%
Saudi Arabia South Mecca
83%
South Africa East Durban
80%
United States South Honolulu
80%
United States West Honolulu
80%
United States North Seattle
80%
Mexico West Tijuana
80%
Canada North Edmonton
78%
Brazil West Manaus
78%
Japan North Sapporo
78%
Japan East Sapporo
78%
Spain West Seville
78%
France West Bordeaux
75%
Turkey West Izmir
75%
France North Lille
75%
Spain South Malaga
75%
United Kingdom South Southampton
75%
Saudi Arabia West Jeddah
73%
South Africa South Port Elizabeth
68%
Brazil South Porto Alegre
68%
China West Ürümqi
68%
Brazil North Belem
58%
Indonesia South Denpasar
58%
China East Harbin
58%
Iran East Mashhad
53%
Indonesia North Medan
50%
Indonesia West Medan
50%
Mexico East Merida
50%
Iran South Shiraz
50%
Saudi Arabia North Dammam
48%
Saudi Arabia East Dammam
48%
Pakistan West Quetta
43%
Indonesia East Makassar
35%
Mexico North Mexicali
33%
Pakistan North Peshawar
30%
Russia South Rostov-on-Don
30%
Iran North Tabriz
30%
Iran West Tabriz
30%
India West Rajkot
25%
Brazil East Joao Pessoa
23%
China South Haikou
20%
Russia East Krasnoyarsk
20%
India South Madurai
18%
India North Srinagar
18%
Turkey East Diyarbakır
15%
Japan South Naha
15%
Japan West Naha
15%
Turkey South Mersin
13%
Mexico South Cuernavaca
10%
India East Guwahati
10%
China North Qiqihar
8%
No matching quizzes found
Score Distribution
Percent of People with Each Score
Percentile by Number Answered
Your Score History
You have not taken this quiz